000
00332nam a2200133Ia 4500
008
240624s9999 xx 000 0 und d
041
_a
eng
082
_a
659 MIS
100
_a
MISHRA ANIL
245
_a
SUMMER INTERNSHIP SIMPLIFIED
260
_c
2008
_a
New Delhi
_b
Wiley India
300
_a
288 : p. : cm. ; 24
365
_c
RS
_b
33.33
999
_c
11246
_d
11246